000 00557nam a22001817a 4500
005 20251108171944.0
008 250721s2002 xx 000 0 ara d
082 1 4 _a922.609567/أكو
100 1 _aالأكوع، إسماعيل بن علي
245 1 0 _aأئمة العلم المجتهدون في اليمن /
264 1 _aعمان :
_bدار البشير للنشر،
_c2002.
300 _a280ص
650 1 7 _aالتراجم
650 1 7 _aالفقهاء المسلمون
650 1 7 _aتاريخ اليمن
942 _2ddc
_cBK
999 _c66838
_d66838